|
|
|
|
| LEADER |
02280nam a22005054a 4500 |
| 001 |
EBC1167528 |
| 003 |
MiAaPQ |
| 005 |
20080905031915.0 |
| 006 |
m o d | |
| 007 |
cr cn||||||||| |
| 008 |
080905s2001 ncu sb 001 0 eng d |
| 020 |
|
|
|z 9780822380948
|
| 020 |
|
|
|z 0822380943
|
| 020 |
|
|
|z 0822327538 (cloth : alk. paper)
|
| 020 |
|
|
|z 9780822327530 (cloth : alk. paper)
|
| 020 |
|
|
|z 0822327635 (pbk. : alk. paper)
|
| 020 |
|
|
|z 9780822327639 (pbk. : alk. paper)
|
| 035 |
|
|
|a (MiAaPQ)EBC1167528
|
| 035 |
|
|
|a (Au-PeEL)EBL1167528
|
| 035 |
|
|
|a (CaPaEBR)ebr10236548
|
| 035 |
|
|
|a (CaONFJC)MIL290375
|
| 035 |
|
|
|a (OCoLC)508297443
|
| 040 |
|
|
|a MiAaPQ
|c MiAaPQ
|d MiAaPQ
|
| 049 |
|
|
|a NDDP
|
| 050 |
|
4 |
|a PR2880.A1
|b T37 2001
|
| 100 |
1 |
|
|a Tatlow, Antony.
|
| 245 |
1 |
0 |
|a Shakespeare, Brecht, and the intercultural sign
|h [electronic resource] /
|c Antony Tatlow.
|
| 260 |
|
|
|a Durham [N.C.] :
|b Duke University Press,
|c 2001.
|
| 300 |
|
|
|a 297 p.
|
| 490 |
1 |
|
|a Post-contemporary interventions
|
| 504 |
|
|
|a Includes bibliographical references (p. [275]-285) and index.
|
| 505 |
0 |
|
|a 1. Reading the intercultural: cultures of reading -- 2. Intercultural signs: textual anthropology -- 3. Desire, laughter, and the social unconscious -- 4. Historicizing the unconscious in Plautine and Shakespearean farce -- 5. Coriolanus and the historical text -- 6. Macbath in Kunju opera -- Epilogue.
|
| 533 |
|
|
|a Electronic reproduction. Ann Arbor, MI : ProQuest, 2015. Available via World Wide Web. Access may be limited to ProQuest affiliated libraries.
|
| 600 |
1 |
0 |
|a Shakespeare, William,
|d 1564-1616
|v Adaptations
|x History and criticism.
|
| 600 |
1 |
0 |
|a Brecht, Bertolt,
|d 1898-1956
|x Adaptations
|x History and criticism.
|
| 600 |
1 |
0 |
|a Shakespeare, William,
|d 1564-1616
|x Appreciation
|z Asia.
|
| 600 |
1 |
0 |
|a Brecht, Bertolt,
|d 1898-1956
|x Appreciation
|z Asia.
|
| 650 |
|
0 |
|a Intercultural communication in literature.
|
| 650 |
|
0 |
|a Intercultural communication.
|
| 650 |
|
0 |
|a Theater
|z Asia
|x History.
|
| 655 |
|
4 |
|a Electronic books.
|
| 710 |
2 |
|
|a ProQuest (Firm)
|
| 830 |
|
0 |
|a e-Duke books scholarly collection.
|
| 830 |
|
0 |
|a Post-contemporary interventions.
|
| 856 |
4 |
0 |
|u https://ebookcentral.proquest.com/lib/matrademy/detail.action?docID=1167528
|z Click to View
|